000 00651nam a2200229Ia 4500
003 OSt
005 20221006163915.0
006 a|||||r|||| 00| 0
007 ta
008 221006b |||||||| |||| 00| 0 hin d
024 _a6,028
037 _cTextual
040 _aFML
_cFML
_bhin
041 _2hin
_ahin
082 _aV2'N47<--- L57z7, P8
100 _aShukla Ram Lakhan Au.
_9676165
245 0 _aAadhunik Bharat Ka Itihas
260 _aDelhi
_bHindi Madhyam Karyanvayan Nideshalaya India
_c2008
300 _a949
_ccm.
942 _hV2'N47<--- L57z7, P8
_cTEXL
_2CC
999 _c1115688
_d1115688